LEADER 02874oam 2200541K 450 001 9910793935103321 005 20200226022019.0 010 $a0-429-62497-2 010 $a0-429-62453-0 010 $a0-429-03009-6 035 $a(CKB)4100000010134690 035 $a(MiAaPQ)EBC6031495 035 $a(OCoLC)1139151410 035 $a(OCoLC-P)1139151410 035 $a(FlBoTFG)9780429030093 035 $a(EXLCZ)994100000010134690 100 $a20200207d2020 uy 0 101 0 $aeng 135 $aur|n||||||||| 181 $ctxt$2rdacontent 182 $cc$2rdamedia 183 $acr$2rdacarrier 200 10$a100 cases in clinical pharmacology, therapeutics and prescribing /$fKerry Layne, Albert Ferro ; 100 cases series editor: Janice Rymer 210 1$aBoca Raton, FL :$cCRC Press, Taylor & Francis Group,$d[2020] 215 $a1 online resource (249 pages) 225 1 $a100 cases 300 $aIncludes index. 311 $a1-138-48959-X 311 $a1-138-48967-0 330 $a100 Cases in Clinical Pharmacology, Therapeutics and Prescribing explores scenarios commonly seen by medical students and junior doctors in the ward, emergency department, outpatient clinic or in general practice in which an understanding of pharmacology and sound prescribing practice is central to successful clinical management and safe patient care. A succinct summary of the patient's history, examination and any initial investigations is followed by questions on the diagnosis and management of the case. The answer includes a detailed discussion on each topic, providing practical advice on how to deal with the challenges that occur when prescribing, including planning, drug calculations, prescription review and adverse drug reactions. The book will be invaluable during clinical placements and is an ideal companion during preparation for the Prescribing Safety Assessmentexamination.Making speedy and appropriate clinical decisions, and choosing the best course of action to take as a result, is one of the most important and challenging parts of training to become a doctor. These true-to-life cases will teach students and junior doctors to prescribe appropriately, and to hone their diagnostic and management skills. 410 0$a100 cases. 606 $aClinical pharmacology 606 $aPharmacology, Clinical 606 $aClinical Decision-Making 606 $aClinical Medicine 615 0$aClinical pharmacology. 615 2$aPharmacology, Clinical. 615 2$aClinical Decision-Making. 615 2$aClinical Medicine. 676 $a615.1 700 $aLayne$b Kerry$01466693 702 $aFerro$b Albert 801 0$bOCoLC-P 801 1$bOCoLC-P 906 $aBOOK 912 $a9910793935103321 996 $a100 cases in clinical pharmacology, therapeutics and prescribing$93677255 997 $aUNINA LEADER 01086nam0 22002891i 450 001 UON00275982 005 20231205103815.923 100 $a20060419d1977 |0itac50 ba 101 $akor 102 $aKR 105 $a|||| 1|||| 200 1 $aChuyokuk ui chaep'an chedo 210 $aSeoul$cKokhoe Tosogwan$d1977 215 $a384 p.$d20 cm 410 1$1001UON00275981$12001 $aIppop Ch'am Ko charyo$v200 606 $aCOMMERCIO$xORIENTE$xOCCIDENTE$3UONC006831$2FI 606 $aEconomia$xStoria$xSec. 20.$3UONC022060$2FI 606 $aEconomia comparata$xOriente-Occidente$3UONC013240$2FI 620 $aKR$dSeoul$3UONL000020 686 $aCOR XII$cCOREA - ECONOMIA$2A 712 $aKokhoe Tosogwan$3UONV271699$4650 801 $aIT$bSOL$c20250718$gRICA 899 $aSIBA - SISTEMA BIBLIOTECARIO DI ATENEO$2UONSI 912 $aUON00275982 950 $aSIBA - SISTEMA BIBLIOTECARIO DI ATENEO$dSI COR XII 078 N $eSI SA 5558 5 078 N 996 $aChuyokuk ui chaep'an chedo$91241950 997 $aUNIOR